00341pab a2200121 454500008004000000100002100040245005900061260000900120300001000129362000900139650003700148773003400185180718b1984 xxu||||| |||| 00| 0 eng d aYesudiam, C.A.K. aPrimary health care in urban areas problems and issues c1984 a63-76 aApr. aHealth Services - India - Bombay aIndian Journal of Social Work